000 00377 a2200157 4500
001 58873
020 _a9788502080850
040 _cAnchieta - Pituba
100 _aVargas, João Tristan
240 1 0 _aPara entender a história, 8º ano
_lpor
245 1 0 _aPara entender a história, 8º ano
300 _a272
362 0 _a2009
650 4 _aHistória do mundo
942 _cBK
999 _c58873
_d58873